Wacky World - A TADC Song - Statistics

General Stats
  • This quiz has been taken 47 times
  • The average score is 212 of 422
Answer Stats
Hint Answer % Correct
(Caine) | (Pomni) A
97%
(Bubble) | (Caine) | (Pomni) I
93%
(Jax) | (Pomni) We
87%
(Pomni) We?
87%
(Caine) | (Pomni) The
83%
(Bubble) | (Caine) You
83%
(Caine) You,
83%
(Pomni) Am
80%
(Caine) | (Jax) | (Pomni) And
80%
(Caine) Go
80%
(Pomni) In
80%
(Caine) | (Pomni) My
80%
(Bubble) | (Caine) | (Jax) | (Pomni) To
80%
(Caine) Welcome
80%
(Caine) Your
80%
(Caine) Amazing
77%
(Caine) Caine.
77%
(Bubble) Caine!
77%
(Caine) Circus!
77%
(Caine) | (Pomni) He
77%
(Caine) I'm
77%
(Caine) | (Pomni) Is
77%
(Caine) Ringmaster,
77%
(Caine) Ringmaster
77%
(Caine) Show
77%
(Caine) Digital
73%
(Caine) Name
70%
(Caine) | (Pomni) This
67%
(Bubble) | (Pomni) What
67%
(Pomni) What,
67%
(Pomni) Can
63%
(Caine) Heart-stopping,
63%
(Caine) | (Pomni) Here
63%
(Pomni) Here,
63%
(Caine) Most
63%
(Caine) | (Pomni) Get
60%
(Caine) Jaw-dropping,
60%
(Pomni) Wacky
60%
(Pomni) Why
60%
(Pomni) Doing
57%
(Caine) | (Pomni) Ever
57%
(Pomni) Gonna
57%
(Pomni) Happening
57%
(Pomni) Hell
57%
(Pomni) Make
57%
(Pomni) Me
57%
(Caine) Me,
57%
(Caine) Mind-bending
57%
(Caine) | (Pomni) Of
57%
(Pomni) Out
57%
(Caine) | (Pomni) That
57%
(Caine) That,
57%
(Jax) When
57%
(Caine) Who
57%
(Pomni) World
57%
(Jax) | (Pomni) Feel
53%
(Bubble) | (Caine) | (Pomni) For
53%
(Pomni) God,
53%
(Caine) Hi
53%
(Caine) | (Pomni) Isn't
53%
(Pomni) It
53%
(Caine) | (Pomni) Just
53%
(Caine) No
53%
(Caine) | (Pomni) Place
53%
(Pomni) Place?
53%
(Bubble) See
53%
(Caine) There,
53%
(Bubble) Wait
53%
(Pomni) Wait,
53%
(Caine) Any
50%
(Pomni) Anymore
50%
(Caine) | (Jax) | (Pomni) Be
50%
(Caine) Be!
50%
(Caine) Bubble?
50%
(Caine) Bubble
50%
(Bubble) | (Caine) | (Jax) | (Pomni) Can't
50%
(Bubble) Cooking
50%
(Pomni) Crazy!
50%
(Caine) | (Pomni) Don't
50%
(Caine) Eyes
50%
(Pomni) How
50%
(Caine) Into
50%
(Caine) Let's
50%
(Caine) | (Jax) Our
50%
(Caine) Right,
50%
(Bubble) | (Caine) Right
50%
(Pomni) Take
50%
(Bubble) | (Pomni) That's
50%
(Bubble) Today!
50%
(Pomni) Was
50%
(Pomni) Whole
50%
(Caine) You've
50%
(Caine) Laid
47%
(Caine) | (Pomni) Like
47%
(Pomni) Makes
47%
(Caine) On
47%
(Pomni) Scream
47%
(Bubble) Up
47%
(Caine) Up,
47%
(Caine) Well,
47%
(Jax) We'll
47%
(Caine) | (Pomni) Even
43%
(Caine) Jester
43%
(Caine) Latest
43%
(Caine) Need
43%
(Pomni) New
43%
(Caine) | (Pomni) Not
43%
(Caine) | (Jax) So
43%
(Caine) There's
43%
(Caine) Time,
43%
(Caine) Upon!
43%
(Pomni) Wanna
43%
(Caine) Waste
43%
(Caine) You're
43%
(Caine) At
40%
(Caine) Away
40%
(Caine) Beta
40%
(Caine) Cause
40%
(Caine) Depressed
40%
(Pomni) Feels
40%
(Bubble) Got
40%
(Pomni) Home
40%
(Pomni) Know
40%
(Pomni) Prison
40%
(Caine) Silly
40%
(Caine) Added
37%
(Caine) Fact
37%
(Caine) Frown
37%
(Caine) Humanity
37%
(Caine) Look
37%
(Caine) | (Pomni) Please
37%
(Pomni) Says
37%
(Caine) Smiling
37%
(Caine) Song!
37%
(Caine) Teeth
37%
(Caine) Testers
37%
(Caine) Wipe
37%
(Caine) With
37%
(Pomni) Believe
33%
(Caine) Come
33%
(Caine) Insanity
33%
(Caine) | (Pomni) It's
33%
(Caine) Some
33%
(Caine) Teach
33%
(Pomni) Though
33%
(Caine) We're
33%
(Caine) Ya
33%
(Caine) Adventures
30%
(Caine) Eat
30%
(Caine) Floating
30%
(Caine) Hijacks
30%
(Caine) Lots
30%
(Caine) Paraphernalia
30%
(Caine) Tiny
30%
(Caine) | (Jax) Will
30%
(Caine) From
27%
(Caine) Goofy
27%
(Caine) Green
27%
(Caine) Love
27%
(Caine) Made
27%
(Jax) Minds
27%
(Caine) Rag
27%
(Caine) Slimy
27%
(Caine) Teeny
27%
(Caine) Ahh
23%
(Caine) | (Jax) Decay
23%
(Caine) Goop,
23%
(Caine) Meet
23%
(Jax) Memories
23%
(Pomni) 3D
20%
(Caine) 90s
20%
(Jax) Abstracted
20%
(Jax) | (Pomni) All
20%
(Caine) But
20%
(Caine) Desktop
20%
(Caine) Different
20%
(Jax) Distant
20%
(Pomni) Eating
20%
(Pomni) Eternity
20%
(Jax) Fade
20%
(Pomni) Food
20%
(Caine) Gang'll
20%
(Jax) Purpose
20%
(Caine) Sorry
20%
(Pomni) Stuck
20%
(Caine) Surf
20%
(Pomni) Tell
20%
(Pomni) Trapped
20%
(Caine) Types
20%
(Caine) Are
17%
(Pomni) Band
17%
(Jax) Become
17%
(Caine) Burst
17%
(Jax) Comprehend
17%
(Jax) Displaced
17%
(Pomni) Dream
17%
(Jax) Erased
17%
(Jax) Existence
17%
(Caine) Inside
17%
(Pomni) -king
17%
(Caine) King
17%
(Caine) Leave
17%
(Jax) Own
17%
(Caine) Pipes
17%
(Pomni) Someone
17%
(Jax) Soon,
17%
(Jax) Starts
17%
(Pomni) Alice
13%
(Caine) As
13%
(Pomni) Else's
13%
(Pomni) Forsaken
13%
(Pomni) Hand
13%
(Pomni) Member
13%
(Pomni) Pawn
13%
(Pomni) Seems
13%
(Pomni) Stranded
13%
(Pomni) Wonderland
13%
(Caine) Below
10%
(Caine) Cast
10%
(Caine) Escape,
10%
(Caine) Omnipresent
10%
(Caine) Or
10%
(Caine) Taunting
10%
(Caine) Try
10%
(Caine) Zoo
10%
(Caine) Decieve
7%
(Caine) Die,
7%
(Caine) Flee
7%
(Caine) Run
7%
(Caine) Stalking
7%
(Caine) Those
7%
(Caine) Watch
7%
(Caine) Listen
3%
No matching quizzes found
Score Distribution
Percent of People with Each Score
Percentile by Number Answered
Your Score History
You have not taken this quiz